Que historia é essa ? (Record no. 175565)

MARC details
000 -LÍDER
campo de controle de tamanho fixo 00387 a2200169 4500
001 - NÚMERO DE CONTROLE
campo de controle 175565
020 ## - ISBN - INTERNATIONAL STANDARD BOOK NUMBER
ISBN - International Standard Book Number 85-85466-45-6
040 ## - FONTE DA CATALOGAÇÃO
Instituição que transcreveu o registro Magnum
100 ## - ENTRADA PRINCIPAL--NOME PESSOAL
Nome pessoal Souza, Flavio de
240 10 - TÍTULO UNIFORME
Título uniforme Que historia é essa ?
Idioma da obra por
245 10 - TÍTULO
Título Que historia é essa ?
300 ## - DESCRIÇÃO FÍSICA
Extensão 54
362 0# - DATAS DE PUBLICAÇÃO E/OU DESIGNAÇÃO SEQUENCIAL
Datas de publicação e/ou designação sequencial 1998
440 #1 - DECLARAÇÃO DE SÉRIE/ENTRADA ADICIONADA--TÍTULO
Título Companhia das Letrinhas
697 ## - ENTRADA DE ASSUNTO LOCAL--ENTIDADE COLETIVA (RLIN)
Nome corporativo ou nome da jurisdição LITERATURA INFANTO-JUVENIL
942 ## - ELEMENTOS DE ENTRADA ADICIONADOS (KOHA)
Tipo de material Koha Livros
Holdings
Situação do descarte Situação das perdas Situação física Não pode ser emprestado Biblioteca de origem Biblioteca atual Data de aquisição Total de empréstimos Número de chamada completo Código de barras Data de último acesso Data do preço efetivo Tipo de material Koha
        Magnum Magnum 08/06/2024   869.1.1094 MAG00024575 08/06/2024 08/06/2024 Livros
        Magnum Magnum 08/06/2024   869.1.1094 MAG00024576 08/06/2024 08/06/2024 Livros
        Magnum Magnum 08/06/2024   869.1.1094 MAG00075346 08/06/2024 08/06/2024 Livros
        Magnum Magnum 08/06/2024   869.1.1094 MAG00076369 08/06/2024 08/06/2024 Livros